000
00278nam a2200109Ia 4500
008
200302s9999 xx 000 0 und d
100
_a
Francis Ferguson
245
_a
Architecture Cities and the Systems Approach
260
_b
George Braziller
260
_c
1975
300
_a
168 P.,
999
_c
5621
_d
5621